000
00344cam a2200145ua 4500
041
_a
eng
_h
082
_a
330.1
_b
SAM/EC
100
_a
A. Samuelson, Paul , Paul .
245
_a
Ecnomic and introductor
260
_a
Newyork :
_b
Mc graw Hill book Company ,
_c
1961.
300
_a
853 ; .
504
_a
942
_c
BK
999
_c
11175
_d
11175